Ivanhoe

Uloženo v:
Podrobná bibliografie
Hlavní autor: Scott, Walter (Autor)
Médium: Kniha
Jazyk:španělština
Vydáno: Santiago Zig-Zag 1955
Vydání:2a. ed
Edice:Sepan cuántos, 1978
Témata:
Tagy: Přidat tag
Žádné tagy, Buďte první, kdo vytvoří štítek k tomuto záznamu!

MARC

LEADER 00000nam a2200000 a 4500
001 UCQ0005
003 CL-VaPUC
008 980619e19550000CL |||||||||||||||||spa|d
082 0 4 |a 823  |b SCO  |2 21 
100 0 |a Scott, Walter  |e author  |9 354318 
245 1 0 |a Ivanhoe 
250 |a 2a. ed 
300 |a 210 p 
942 |c BK 
945 |d 19980619 00:00:00  |a crobeson 
260 |a Santiago  |b Zig-Zag  |c 1955 
650 7 |a NOVELAS ESCOCESAS  |2 CL-VaPUC  |9 348025 
650 7 |a LITERATURA ESCOCESA  |2 CL-VaPUC  |9 413003 
583 |a last modification  |c 19980619 00:00:00  |k Rodrigo Vera 
490 0 |a Sepan cuántos, 1978 
999 |c 271173  |d 271171 
952 |0 0  |1 0  |4 0  |6 823_000000000000000_SCO_1955  |7 0  |8 A  |9 305720  |a BIBEDU  |b BIBEDU  |d 2019-11-20  |i 1423207  |o 823 SCO 1955  |p 1423207  |r 2019-11-20  |w 2019-11-20  |y BK  |k LIT